15 najcieplejszych państw Europy - Statystyki

Ogólne statystyki
  • Ten quiz został rozwiązany 258 razy
  • Średni wynik to 13 z 15
Statystyki odpowiedzi
Miejsce Temperatura (C) Odpowiedź % Poprawnych
4 14.2 Hiszpania
99%
2 16.1 Portugalia
98%
3 14.9 Grecja
96%
6 13.5 Włochy
96%
13 11.6 Francja
93%
11 11.9 Chorwacja
90%
10 12.0 Bułgaria
88%
1 20.3 Malta
84%
8 12.9 Albania
81%
12 11.7 Serbia
80%
9 12.6 Turcja
79%
15 11.4 Macedonia Północna
76%
5 13.6 Monako
75%
7 13.0 San Marino
75%
14 11.5 Węgry
63%
Nie znaleziono quizów pasujących do podanych kryteriów
Rozkład punktacji
Procent ludzi z każdym wynikiem
Percentyl według liczby udzielonych odpowiedzi
Twoja historia wyników
Nie rozwiązałeś tego quizu